Een vergeten oorlog

Titel: Een vergeten oorlog : Polen - Russland 1920
Verfasser:
Veröffentlicht: Soesterberg : Uitg. Aspekt, 2003
Umfang: 89 S. : Abb., Kt.
Format: Buch
Sprache: Niederländisch
Schriftenreihe/
mehrbändiges Werk:
De grote oorlog
ISBN: 9059112482
Buchumschlag
X
alg: 39534015
001A    $01999:12-11-16 
001B    $01999:30-09-22 $t18:37:22.000 
001D    $01999:12-11-16 
001U    $0utf8 
001X    $00 
002@    $0Aax 
003@    $0395340152 
004A    $090-5911-248-2 
007A    $0395340152 $aHEB 
007T    $0Herd60459 
010@    $adut 
011@    $a2003 
021A    $aEen @vergeten oorlog $dPolen - Russland 1920 
028A    $#Ros, Martinus Henricus Maria $D20220215 $Ecgwrk $7118106139 $8Ros, Martin$Z1937-2020 [Tp1] $9151597618 
033A    $pSoesterberg $nUitg. Aspekt 
034D    $a89 S. 
034M    $aAbb., Kt. 
036G    $aDe @grote oorlog 
045F    $a900.943809041 $eDDC23BSB 
045F/01 $a900 
045F/03 $f09041 
045F/03 $f09042 
045F/03 $f09043 
045F/03 $g438 

lok: 39534015 78

exp: 39534015 78 1 #EPN
201B/01 $018-11-16 $t14:33:19.000 
201U/01 $0utf8 
203@/01 $0791704777 
208@/01 $a12-11-16 $be 
209A/01 $a/ $f000 $x00 
220C/01 $aTitelaufnehmer: gk;pg 
220C/01 $aAnmerkung: NG; AV 14.02.05 
244Z/01 $2Trx $#Poola $#Lenkija $#Polija $#Polen Land $#Poland $#Lengyelország $#Poľsko $#Polsko $8--Trx--Polska$gkraj $x01 $9391345966 
244Z/01 $2Trx $#Poola $#Lenkija $#Polija $#Polen Land $#Poland $#Lengyelország $#Poľsko $#Polsko $8--Trx--Polska$gkraj $x02 $9391345966 
244Z/01 $2Trx $#Sovietų Socialistinių Respublikų Sąjunga 1922-1991 $#Union der Sozialistischen Sowjetrepubliken 1922-1991 $#Union of Soviet Socialist Republics 1922-1991 $#Związek Socjalistycznych Republik Radzieckich 1922-1991 $#Svaz sovětských socialistických republik 1922-1991 $#SSRS $#Sowjetunion;UdSSR $#Soviet Union;USSR $#Związek Radziecki $#Sovietsky sväz $#Sovětský svaz;SSSR $8--Trx--Sojuz Sovetskich Socialističeskich Respublik$g1922-1991 $x03 $939134854X 
244Z/01 $aGeschichte 1920 $x04 
244Z/01 $2Trx $#sõda, nõukogude-poola 1920 $#Lenkijos-Sovietų Sąjungos [Rusijos] karas $#War, Soviet-Polish 1920 $#háború, lengyel-porosz 1920 $#wojna polsko-bolszewicka 1920 $#vojna poľsko-sovietska 1920 $#válka polsko-sovětská 1920 $8--Trx--Krieg, polnisch-sowjetischer$g1920 $x05 $9391373072 
244Z/01 $2Trx $#suhted, Nõukogude-Poola $#santykiai, Lenkijos ir Sovietų Sąjungos $#relations, Polish-Soviet $#kapcsolatok, lengyel-szovjet $#stosunki polsko-radzieckie $#vzťahy poľsko-sovietske $#vztahy polsko-sovětské $8--Trx--Beziehungen, polnisch-sowjetische $x06 $9391372939 
244Z/01 $2Trx $8--Trx--Monographie $x07 $9391384546 
245Z/01 $a06.04.02 $x01 
247C/01 $82080>Marburg/Lahn, Herder-Institut, Forschungsbibliothek, Bibliographieportal $9336309341
LEADER 00000cam a22000002c 4500
001 395340152
003 DE-603
005 20220930183722.0
007 tu
008 161112s2003 xx |||| | u00||u|dut c
020 |a 9059112482 
035 |a (DE-599)HEB395340152 
040 |a DE-603  |b ger  |c DE-603  |d DE-603 
041 |a dut 
082 0 4 |8 1\u  |a 900.943809041  |q DE-101  |2 23/BSB 
085 |8 1\u  |b 900 
085 |8 1\u  |z 1  |s 09041 
085 |8 1\u  |z 1  |s 09042 
085 |8 1\u  |z 1  |s 09043 
085 |8 1\u  |z 2  |s 438 
100 1 |a Ros, Martin  |d 1937-2020  |0 (DE-603)151597618  |0 (DE-588)118106139  |2 gnd 
245 0 0 |a ˜Eenœ vergeten oorlog  |b Polen - Russland 1920 
264 1 |a Soesterberg  |b Uitg. Aspekt  |c 2003 
300 |a 89 S.  |b Abb., Kt. 
490 0 |a ˜Deœ grote oorlog 
924 0 |9 2080  |a (DE-603)791704777  |b DE-2080  |c HES  |d d  |g /